[Event "WchT Seniors 50"]
[Site "Struga"]
[Date "2023.09.27"]
[Round "8.4"]
[White "Woeber, Friedrich"]
[Black "Heatlie, Douglas S"]
[Result "1-0"]
[WhiteElo "2100"]
[BlackElo "1763"]
[PlyCount "77"]
[EventDate "2023.09.19"]
[EventType "team-swiss"]
[EventRounds "9"]
[EventCountry "MKD"]
[SourceTitle "EXT 2024"]
[Source "ChessBase"]
[SourceDate "2023.10.10"]
[SourceVersion "1"]
[SourceVersionDate "2023.10.10"]
[SourceQuality "1"]
[WhiteTeam "Austria 50"]
[BlackTeam "Scotland 50"]
[WhiteTeamCountry "AUT"]
[BlackTeamCountry "SCO"]

1. e4 e5 2. Nc3 Nf6 3. d4 exd4 4. Qxd4 Nc6 5. Qd3 Ne5 6. Qg3 d6 7. Be2 h6 8. f4 Ng6 9. h4 c6 10. h5 Ne7 11. Be3 b5 12. Bd4 b4 13. Bxf6 gxf6 14. Nd1 d5 15. Nf2 Qa5 16. Qb3 d4 17. 0-0-0 c5 18. Bc4 Be6 19. Bxe6 fxe6 20. Qxe6 Qb6 21. Qc4 a5 22. Nd3 Rc8 23. Nf3 Rg8 24. Rhg1 Rg7 25. g4 Rc6 26. e5 f5 27. g5 hxg5 28. fxg5 a4 29. Nf4 Qa6 30. Qxa6 Rxa6 31. Nd2 Nc6 32. Nc4 Re7 33. Nd6+ Kd8 34. Ng6 Nxe5 35. Nxe7 Rxd6 36. Nxf5 Rd5 37. Rdf1 Bd6 38. g6 d3 39. g7 1-0

[Event "WchT Seniors 50"]
[Site "Struga"]
[Date "2023.09.21"]
[Round "3.3"]
[White "Woeber, Friedrich"]
[Black "Arnason, Jon Loftur"]
[Result "0-1"]
[WhiteElo "2100"]
[BlackElo "2419"]
[PlyCount "70"]
[EventDate "2023.09.19"]
[EventType "team-swiss"]
[EventRounds "9"]
[EventCountry "MKD"]
[SourceTitle "EXT 2024"]
[Source "ChessBase"]
[SourceDate "2023.10.10"]
[SourceVersion "1"]
[SourceVersionDate "2023.10.10"]
[SourceQuality "1"]
[WhiteTeam "Austria 50"]
[BlackTeam "Iceland 50"]
[WhiteTeamCountry "AUT"]
[BlackTeamCountry "ISL"]

1. e4 e5 2. f4 exf4 3. Nf3 d6 4. d4 g5 5. g3 g4 6. Nh4 f3 7. Nc3 Bg7 8. Be3 Nf6 9. Qd2 Nc6 10. 0-0-0 d5 11. exd5 Nxd5 12. Bg5 Nce7 13. Re1 Be6 14. Nxd5 Qxd5 15. c4 Qxd4 16. Qxd4 Bxd4 17. Bxe7 Bxb2+ 18. Kxb2 Kxe7 19. Nf5+ Kf6 20. Nd4 Bd7 21. h3 h5 22. Kc3 c5 23. Nb5 h4 24. Nd6 Bc6 25. hxg4 hxg3 26. g5+ Kg6 27. Bd3+ f5 28. Re6+ Kxg5 29. Nf7+ Kf4 30. Nxh8 g2 31. Rh5 Be4 32. Bxe4 fxe4 33. Rf6+ Ke3 34. Rg6 Rf8 35. Rg4 f2 0-1

[Event "WchT Seniors 50"]
[Site "Struga"]
[Date "2023.09.20"]
[Round "2.4"]
[White "Dougherty, Michael J"]
[Black "Woeber, Friedrich"]
[Result "1/2-1/2"]
[WhiteElo "2062"]
[BlackElo "2100"]
[PlyCount "58"]
[EventDate "2023.09.19"]
[EventType "team-swiss"]
[EventRounds "9"]
[EventCountry "MKD"]
[SourceTitle "EXT 2024"]
[Source "ChessBase"]
[SourceDate "2023.10.10"]
[SourceVersion "1"]
[SourceVersionDate "2023.10.10"]
[SourceQuality "1"]
[WhiteTeam "Canada 50"]
[BlackTeam "Austria 50"]
[WhiteTeamCountry "CAN"]
[BlackTeamCountry "AUT"]

1. d4 d5 2. Nf3 Nf6 3. Bg5 Nbd7 4. e3 h6 5. Bh4 c5 6. c3 e6 7. Nbd2 Be7 8. Bd3 b6 9. Ne5 Nxe5 10. dxe5 Nd7 11. Bg3 Bb7 12. e4 c4 13. Bc2 Nc5 14. 0-0 b5 15. Qg4 0-0 16. Bf4 Bg5 17. Bxg5 Qxg5 18. Qxg5 hxg5 19. exd5 Bxd5 20. f4 Rad8 21. fxg5 Bxg2 22. Rf2 Bc6 23. Re1 Nd3 24. Bxd3 Rxd3 25. Ne4 Bxe4 26. Rxe4 Kh7 27. Ref4 Kg6 28. h4 Rd5 29. Re2 Rd7 1/2-1/2

[Event "AUT-ch Seniors 65"]
[Site "Vienna"]
[Date "2023.05.16"]
[Round "2"]
[White "Woeber, Friedrich"]
[Black "Hamarat, Tunc"]
[Result "1-0"]
[WhiteElo "2101"]
[BlackElo "1781"]
[PlyCount "89"]
[EventDate "2023.05.15"]
[EventType "swiss"]
[EventRounds "7"]
[EventCountry "AUT"]
[SourceTitle "CBM 214 Extra"]
[Source "ChessBase"]
[SourceDate "2023.07.31"]
[SourceVersion "1"]
[SourceVersionDate "2023.07.31"]
[SourceQuality "1"]

1. d4 Nf6 2. Nc3 d5 3. Bf4 g6 4. Qd2 Bf5 5. f3 h5 6. h4 Bg7 7. Nh3 Bxh3 8. Rxh3 c6 9. 0-0-0 Nbd7 10. Kb1 Qa5 11. e4 dxe4 12. fxe4 Ng4 13. e5 0-0-0 14. Qe1 Nb6 15. Rhd3 Nd5 16. Nxd5 Qxe1 17. Nxe7+ Kd7 18. Rxe1 Kxe7 19. Bg5+ Ke6 20. Bxd8 Rxd8 21. c3 Nh6 22. Rf3 Nf5 23. g3 Nh6 24. Bc4+ Ke7 25. Ref1 Rf8 26. Kc2 Nf5 27. Bd3 Nh6 28. b4 Ng4 29. Re1 Nh2 30. Rf2 Ng4 31. Rfe2 Nh6 32. b5 Rc8 33. bxc6 Rxc6 34. Rb1 b6 35. Be4 Rc7 36. a4 Ng4 37. a5 bxa5 38. Ra1 Bh6 39. Kd3 Bg7 40. Rxa5 Rd7 41. Bf3 Nh6 42. Bc6 Rc7 43. Be4 Rd7 44. Rea2 Ng4 45. Ke2 1-0

[Event "AUT-ch Seniors 65"]
[Site "Vienna"]
[Date "2023.05.15"]
[Round "1"]
[White "Sepetavc, Walter"]
[Black "Woeber, Friedrich"]
[Result "1/2-1/2"]
[WhiteElo "1806"]
[BlackElo "2101"]
[PlyCount "93"]
[EventDate "2023.05.15"]
[EventType "swiss"]
[EventRounds "7"]
[EventCountry "AUT"]
[SourceTitle "CBM 214 Extra"]
[Source "ChessBase"]
[SourceDate "2023.07.31"]
[SourceVersion "1"]
[SourceVersionDate "2023.07.31"]
[SourceQuality "1"]

1. e4 d6 2. d4 Nf6 3. Nc3 Nbd7 4. Nf3 e5 5. Bd3 Be7 6. 0-0 c6 7. h3 h6 8. Be3 Qc7 9. Nh2 g5 10. d5 Nf8 11. b4 Ng6 12. dxc6 bxc6 13. b5 Bb7 14. bxc6 Bxc6 15. Ng4 Nf4 16. Bxf4 exf4 17. Nb5 Qd7 18. Nd4 Nxg4 19. hxg4 Bf6 20. c3 Rb8 21. Qe2 0-0 22. Rab1 Be5 23. Nf5 Qe6 24. c4 Qf6 25. Qc2 Bd7 26. Rxb8 Rxb8 27. Rb1 Rxb1+ 28. Qxb1 Bxf5 29. exf5 Bd4 30. Qe1 Bc5 31. Be4 h5 32. gxh5 g4 33. Bd5 g3 34. Qe8+ Kg7 35. h6+ Kxh6 36. Qf8+ Kg5 37. Qg8+ Kxf5 38. Qxf7 gxf2+ 39. Kf1 Qxf7 40. Bxf7 a5 41. Ke2 Ke4 42. Bg6+ Ke5 43. Bh7 a4 44. Bc2 a3 45. Bh7 Kd4 46. Kxf2 Kc3+ 47. Ke2 1/2-1/2

[Event "AUT-chT2O 2122"]
[Site "Austria"]
[Date "2022.02.27"]
[Round "7.3"]
[White "Poecksteiner, Johann"]
[Black "Woeber, Friedrich"]
[Result "0-1"]
[WhiteElo "2155"]
[BlackElo "2123"]
[PlyCount "66"]
[EventDate "2021.10.16"]
[EventType "team-tourn"]
[EventRounds "11"]
[EventCountry "AUT"]
[SourceTitle "EXT 2023"]
[Source "ChessBase"]
[SourceDate "2022.10.05"]
[SourceVersion "1"]
[SourceVersionDate "2022.10.05"]
[SourceQuality "1"]
[WhiteTeam "Wien Austria"]
[BlackTeam "Krems Voest"]
[WhiteTeamCountry "AUT"]
[BlackTeamCountry "AUT"]

1. e4 d6 2. d4 Nf6 3. Nc3 Nbd7 4. f4 e5 5. Nf3 exd4 6. Qxd4 c6 7. a4 d5 8. e5 Bc5 9. Qd3 Ng4 10. Nd1 0-0 11. h3 Nh6 12. g4 Re8 13. Be2 Be7 14. Be3 Nc5 15. Bxc5 Bxc5 16. c3 f6 17. b4 fxe5 18. fxe5 Bb6 19. a5 Bc7 20. 0-0 Nf7 21. Ne3 Nxe5 22. Nxe5 Bxe5 23. Nf5 Bxf5 24. Rxf5 Bxc3 25. Rb1 Qe7 26. Bf1 Qe3+ 27. Qxe3 Rxe3 28. b5 Bxa5 29. bxc6 bxc6 30. Rb7 Bb6 31. Kg2 Rf8 32. Rg5 g6 33. h4 Bd8 0-1

[Event "Niederoesterreich-ch Seniors op"]
[Site "Spitz in der Wachau"]
[Date "2020.10.15"]
[Round "5"]
[White "Klein, Reinhard"]
[Black "Woeber, Friedrich"]
[Result "0-1"]
[WhiteElo "1849"]
[BlackElo "2136"]
[PlyCount "61"]
[EventDate "2020.10.11"]
[EventType "swiss"]
[EventRounds "7"]
[EventCountry "AUT"]
[SourceTitle "CBM 198 Extra"]
[Source "ChessBase"]
[SourceDate "2020.11.30"]
[SourceVersion "1"]
[SourceVersionDate "2020.11.30"]
[SourceQuality "1"]

1. d4 d5 2. Bf4 Nf6 3. e3 c5 4. Nf3 Nc6 5. h3 e6 6. Nbd2 Bd6 7. Bxd6 Qxd6 8. Bb5 Bd7 9. Bxc6 Bxc6 10. 0-0 b6 11. c3 0-0 12. Ne5 Bb5 13. Re1 Nd7 14. a4 f6 15. Nxd7 Bxd7 16. Qe2 a5 17. Red1 Rfc8 18. dxc5 bxc5 19. c4 Qa6 20. Nb1 Bc6 21. b3 Rab8 22. Nd2 Rd8 23. Rac1 e5 24. Qg4 Bd7 25. Qh4 Be6 26. Rc3 dxc4 27. bxc4 Rb2 28. Rb1 Rdxd2 29. Rxb2 Rxb2 30. Rd3 Rb8 31. Qe4 0-1

[Event "Niederoesterreich Landesliga 1718"]
[Site "Austria"]
[Date "2017.12.10"]
[Round "6.4"]
[White "Woeber, Friedrich"]
[Black "Wadsack, Winfried"]
[Result "1/2-1/2"]
[WhiteElo "2140"]
[BlackElo "2127"]
[PlyCount "155"]
[EventDate "2017.10.01"]
[EventType "team-tourn"]
[EventRounds "11"]
[EventCountry "AUT"]
[SourceTitle "EXT 2019"]
[Source "ChessBase"]
[SourceDate "2018.10.10"]
[SourceVersion "1"]
[SourceVersionDate "2018.10.10"]
[SourceQuality "1"]
[WhiteTeam "Krems Voest"]
[BlackTeam "Amstetten"]
[WhiteTeamCountry "AUT"]
[BlackTeamCountry "AUT"]

1. e4 d5 2. exd5 Nf6 3. c4 c6 4. Nc3 cxd5 5. cxd5 Nxd5 6. Nf3 Nc6 7. Bb5 Nxc3 8. bxc3 Qd5 9. Qa4 a6 10. Bxc6+ bxc6 11. 0-0 Bd7 12. c4 c5 13. Qb3 Qd6 14. d4 e6 15. Ba3 Qc7 16. Rfe1 Rb8 17. Qd3 Be7 18. Ne5 Bd6 19. Bxc5 Bxc5 20. dxc5 Rd8 21. Rad1 Qxc5 22. Nxd7 Qc7 23. Qc3 Rxd7 24. Qxg7 Rf8 25. Rxd7 Qxd7 26. Qxh7 Qd4 27. Qe4 Qxe4 28. Rxe4 Kd7 29. h4 f5 30. Re5 Rc8 31. Ra5 Rxc4 32. Rxa6 Rxh4 33. g3 Rb4 34. Kg2 Rb2 35. a4 Ra2 36. Kf3 Ke7 37. a5 Kf6 38. Ke3 Ke5 39. Ra8 Ra3+ 40. Ke2 Ke4 41. Re8 Ra2+ 42. Ke1 Ra1+ 43. Ke2 Ra2+ 44. Ke1 Kf3 45. Rxe6 Ra1+ 46. Kd2 Rxa5 47. Re3+ Kxf2 48. Rb3 Rd5+ 49. Kc1 Kg2 50. Ra3 Kh3 51. Rb3 Kg4 52. Ra3 Rd8 53. Rb3 Rh8 54. Kd1 Rh3 55. Ke2 Rxg3 56. Rb4+ f4 57. Kf2 Ra3 58. Rb2 Rh3 59. Rb8 Rh2+ 60. Kg1 Ra2 61. Rb3 Re2 62. Kf1 Rh2 63. Ra3 Rh5 64. Rb3 Rc5 65. Ra3 Rc4 66. Rb3 Rd4 67. Ra3 Re4 68. Rb3 Re3 69. Rxe3 fxe3 70. Ke2 Kf4 71. Ke1 Ke5 72. Ke2 Kd4 73. Ke1 Kd3 74. Kd1 Kc4 75. Ke2 Kd4 76. Ke1 Ke5 77. Ke2 Kf4 78. Ke1 1/2-1/2

[Event "Niederoesterreich Landesliga 1718"]
[Site "Austria"]
[Date "2017.10.15"]
[Round "2.4"]
[White "Woeber, Friedrich"]
[Black "Wilke, Werner"]
[Result "1/2-1/2"]
[WhiteElo "2140"]
[BlackElo "2214"]
[PlyCount "20"]
[EventDate "2017.10.01"]
[EventType "team-tourn"]
[EventRounds "11"]
[EventCountry "AUT"]
[SourceTitle "EXT 2019"]
[Source "ChessBase"]
[SourceDate "2018.10.10"]
[SourceVersion "1"]
[SourceVersionDate "2018.10.10"]
[SourceQuality "1"]
[WhiteTeam "Krems Voest"]
[BlackTeam "Poechlarn"]
[WhiteTeamCountry "AUT"]
[BlackTeamCountry "AUT"]

1. e4 c5 2. Nf3 Nc6 3. c3 e6 4. d4 d5 5. exd5 exd5 6. g3 Bg4 7. Bg2 cxd4 8. 0-0 Bd6 9. cxd4 Nge7 10. Nc3 0-0 1/2-1/2

[Event "Niederoesterreich Landesliga 1617"]
[Site "Austria"]
[Date "2017.04.23"]
[Round "11.3"]
[White "Woeber, Friedrich"]
[Black "Dzierzenga, Stefan"]
[Result "1/2-1/2"]
[WhiteElo "2116"]
[BlackElo "2221"]
[PlyCount "37"]
[EventDate "2016.10.02"]
[EventType "team-tourn"]
[EventRounds "11"]
[EventCountry "AUT"]
[SourceTitle "EXT 2018"]
[Source "ChessBase"]
[SourceDate "2017.10.13"]
[SourceVersion "1"]
[SourceVersionDate "2017.10.13"]
[SourceQuality "1"]
[WhiteTeam "Krems Voest"]
[BlackTeam "Baden Invest II"]
[WhiteTeamCountry "AUT"]
[BlackTeamCountry "AUT"]

1. e4 g6 2. d4 Bg7 3. Nc3 c6 4. Nf3 d6 5. Be2 Nd7 6. 0-0 Ngf6 7. e5 Nd5 8. Nxd5 cxd5 9. exd6 exd6 10. Bf4 Qb6 11. c3 0-0 12. Qb3 Re8 13. Qxb6 Nxb6 14. Bb5 Rd8 15. Rfe1 Bd7 16. Bd3 Bf8 17. Bg5 Re8 18. Rxe8 Rxe8 19. Re1 1/2-1/2

[Event "AUT-ch Seniors 65"]
[Site "Vienna"]
[Date "2017.02.07"]
[Round "2.2"]
[White "Woeber, Friedrich"]
[Black "Kunschek, Horst"]
[Result "1-0"]
[WhiteElo "2129"]
[BlackElo "1902"]
[PlyCount "123"]
[EventDate "2017.02.06"]
[EventType "swiss"]
[EventRounds "7"]
[EventCountry "AUT"]
[SourceTitle "EXT 2024"]
[Source "ChessBase"]
[SourceDate "2023.10.10"]
[SourceVersion "1"]
[SourceVersionDate "2023.10.10"]
[SourceQuality "1"]

1. e4 e5 2. f4 d5 3. exd5 exf4 4. Nf3 Qxd5 5. Nc3 Qd8 6. Bc4 Qe7+ 7. Be2 Bg4 8. 0-0 Nc6 9. d4 0-0-0 10. d5 g5 11. Bd2 Bxf3 12. Bxf3 Ne5 13. Re1 Nxf3+ 14. Qxf3 Qd7 15. Ne4 Be7 16. Bc3 f6 17. Nxg5 Nh6 18. Ne6 Rdg8 19. Qxf4 Ng4 20. h3 Ne5 21. Rad1 Rg6 22. Bxe5 fxe5 23. Qxe5 Rhg8 24. g4 Bd6 25. Qf5 Kb8 26. Rf1 a6 27. c4 b6 28. b3 Qe7 29. Qh5 a5 30. Kg2 Bb4 31. Rf5 h6 32. Rdf1 Rxe6 33. dxe6 Qxe6 34. Re5 Qc6+ 35. Rd5 Re8 36. Rf2 Qe6 37. Qf5 Qe1 38. Qd3 Bc5 39. Rxc5 bxc5 40. Qg6 Re6 41. Qf5 Qe3 42. Qd5 Re8 43. Qc6 Rd8 44. Qf3 Qd4 45. Re2 Qd6 46. Qd5 Qxd5+ 47. cxd5 Rxd5 48. Re6 h5 49. Kf3 hxg4+ 50. hxg4 Rd2 51. Re2 Rd4 52. g5 a4 53. g6 axb3 54. g7 Rd8 55. axb3 Rg8 56. Re7 Kc8 57. Kf4 Kb7 58. Kf5 Kc6 59. Kf6 Kd6 60. Re1 Rb8 61. Rd1+ Kc6 62. Kf7 1-0

[Event "Niederoesterreich Landesliga 1617"]
[Site "Austria"]
[Date "2016.12.11"]
[Round "4.4"]
[White "Woeber, Friedrich"]
[Black "Wadsack, Winfried"]
[Result "1-0"]
[WhiteElo "2116"]
[BlackElo "2158"]
[PlyCount "87"]
[EventDate "2016.10.02"]
[EventType "team-tourn"]
[EventRounds "11"]
[EventCountry "AUT"]
[SourceTitle "EXT 2018"]
[Source "ChessBase"]
[SourceDate "2017.10.13"]
[SourceVersion "1"]
[SourceVersionDate "2017.10.13"]
[SourceQuality "1"]
[WhiteTeam "Krems Voest"]
[BlackTeam "Amstetten"]
[WhiteTeamCountry "AUT"]
[BlackTeamCountry "AUT"]

1. e4 d5 2. exd5 Qxd5 3. Nc3 Qa5 4. d4 Nf6 5. Nf3 Bg4 6. h3 Bh5 7. Bd2 Nc6 8. g4 Bg6 9. Bc4 Qb4 10. Bb3 Qd6 11. Nb5 Qd7 12. Bf4 Rc8 13. Nc3 e6 14. Ba4 Bd6 15. Ne5 Bxe5 16. dxe5 Nd5 17. Nxd5 exd5 18. Qe2 Qe6 19. 0-0-0 a6 20. Bg3 0-0 21. f4 Be4 22. Rhe1 f5 23. exf6 Qxf6 24. Bb3 Nd4 25. Rxd4 Qxd4 26. Qxe4 Qxe4 27. Rxe4 c6 28. Kd2 b5 29. Re6 Kf7 30. f5 g6 31. Rxc6 Rxc6 32. Bxd5+ Kf6 33. Bxc6 gxf5 34. gxf5 Kxf5 35. a4 bxa4 36. Bxa4 Rf6 37. c4 Ke4 38. c5 Kf3 39. c6 Rf5 40. c7 Rd5+ 41. Kc3 Rc5+ 42. Kd4 Rc1 43. Bd6 h5 44. Bc5 1-0

[Event "Niederoesterreich Landesliga 1617"]
[Site "Austria"]
[Date "2016.11.27"]
[Round "3.2"]
[White "Gasa, Andrej"]
[Black "Woeber, Friedrich"]
[Result "1/2-1/2"]
[WhiteElo "2284"]
[BlackElo "2116"]
[PlyCount "71"]
[EventDate "2016.10.02"]
[EventType "team-tourn"]
[EventRounds "11"]
[EventCountry "AUT"]
[SourceTitle "EXT 2018"]
[Source "ChessBase"]
[SourceDate "2017.10.13"]
[SourceVersion "1"]
[SourceVersionDate "2017.10.13"]
[SourceQuality "1"]
[WhiteTeam "Mistelbach"]
[BlackTeam "Krems Voest"]
[WhiteTeamCountry "AUT"]
[BlackTeamCountry "AUT"]

1. e4 e5 2. Nf3 Nc6 3. Bb5 f5 4. Nc3 fxe4 5. Nxe4 Nf6 6. Qe2 d5 7. Nxf6+ gxf6 8. Nd4 Qd6 9. Qh5+ Kd8 10. Nxc6+ bxc6 11. Be2 Qe6 12. d3 Rb8 13. 0-0 Rg8 14. b3 Qh3 15. Qxh3 Bxh3 16. Bf3 h5 17. Rd1 Bg4 18. Bxg4 hxg4 19. g3 Kd7 20. Kg2 Rh8 21. Rh1 Bc5 22. Be3 Bxe3 23. fxe3 Ke6 24. h4 gxh3+ 25. Rxh3 Rxh3 26. Kxh3 a5 27. Kg2 a4 28. Kf3 c5 29. Rh1 axb3 30. cxb3 Ra8 31. Rh2 c4 32. bxc4 dxc4 33. dxc4 Ra5 34. Rc2 c5 35. g4 f5 36. Kg3 1/2-1/2